00641nam a22001817a 450000500170000001000150001702000260003203500140005803700140007208200150008624500820010126000550018327000890023830000260032750000720035370000170042570000170044220181217114206.0 aENG-124551 c895.00a9789352808533 aEN-108083 bDBAD/PUB. a954.084092 aPatel:ced. by Shakti Sinha [and] Himanshu Roybpolitical ideas and policies/ aNew DelhibSage Publications India Pvt. Ltd.c2019 aB1/I-1, Mohan Cooperative Industrial Area Mathura Road Post Bag 7bNew Delhie110044 axlii,237p.c21cm.(Hb) aIt includes references about the editors and contributors and index aShakti Sinha aHimanshu Roy